Statistics for Which Country is Bigger - Randomized!

Click here to take the quiz!

General Stats

  • This quiz has been taken 1,577 times
  • The average score is 14 of 15

Answer Stats

QuestionAnswer% Correct
Afghanistan... or Albania?Afghanistan
100%
Afghanistan... or Netherlands?Afghanistan
100%
Afghanistan... or Bosnia and Herzegovina?Afghanistan
100%
Afghanistan... or Papua New Guinea?Afghanistan
100%
Afghanistan... or Romania?Afghanistan
100%
Afghanistan... or Uganda?Afghanistan
100%
Afghanistan... or Gabon?Afghanistan
100%
Afghanistan... or Luxembourg?Afghanistan
100%
Afghanistan... or Cyprus?Afghanistan
100%
Albania... or Marshall Islands?Albania
100%
Albania... or North Macedonia?Albania
100%
Albania... or Samoa?Albania
100%
Algeria... or Lebanon?Algeria
100%
Algeria... or Iceland?Algeria
100%
Algeria... or Zimbabwe?Algeria
100%
Algeria... or Eswatini?Algeria
100%
Algeria... or Singapore?Algeria
100%
Algeria... or Togo?Algeria
100%
Algeria... or Montenegro?Algeria
100%
Algeria... or Luxembourg?Algeria
100%
Algeria... or Paraguay?Algeria
100%
Angola... or Haiti?Angola
100%
Angola... or Moldova?Angola
100%
Angola... or Serbia?Angola
100%
Angola... or Tajikistan?Angola
100%
Angola... or Equatorial Guinea?Angola
100%
Angola... or Bahrain?Angola
100%
Argentina... or Honduras?Argentina
100%
Argentina... or Bangladesh?Argentina
100%
Argentina... or Panama?Argentina
100%
Argentina... or Eritrea?Argentina
100%
Argentina... or Tanzania?Argentina
100%
Argentina... or Chad?Argentina
100%
Argentina... or Laos?Argentina
100%
Armenia... or Saint Kitts and Nevis?Armenia
100%
Armenia... or Maldives?Armenia
100%
Albania... or Australia?Australia
100%
Australia... or Fiji?Australia
100%
Australia... or Costa Rica?Australia
100%
Australia... or Tunisia?Australia
100%
Australia... or Poland?Australia
100%
Australia... or Myanmar?Australia
100%
Australia... or Libya?Australia
100%
Australia... or Iran?Australia
100%
Australia... or Benin?Australia
100%
Australia... or Solomon Islands?Australia
100%
Austria... or Moldova?Austria
100%
Austria... or Palau?Austria
100%
Austria... or Bahrain?Austria
100%
Azerbaijan... or Burundi?Azerbaijan
100%
Azerbaijan... or Grenada?Azerbaijan
100%
Azerbaijan... or Saint Vincent and the Grenadines?Azerbaijan
100%
Bahrain... or Nauru?Bahrain
100%
Bangladesh... or Costa Rica?Bangladesh
100%
Bangladesh... or Benin?Bangladesh
100%
Bangladesh... or El Salvador?Bangladesh
100%
Bangladesh... or Fiji?Bangladesh
100%
Bangladesh... or Solomon Islands?Bangladesh
100%
Belarus... or Belize?Belarus
100%
Belarus... or Comoros?Belarus
100%
Belarus... or FS Micronesia?Belarus
100%
Belarus... or Liberia?Belarus
100%
Belarus... or Slovenia?Belarus
100%
Belarus... or Trinidad and Tobago?Belarus
100%
Belgium... or Solomon Islands?Belgium
100%
Belgium... or Fiji?Belgium
100%
Belize... or Qatar?Belize
100%
Belize... or Nauru?Belize
100%
Bhutan... or Burundi?Bhutan
100%
Bhutan... or Saint Vincent and the Grenadines?Bhutan
100%
Bhutan... or Grenada?Bhutan
100%
Bhutan... or Malta?Bhutan
100%
Belize... or Bolivia?Bolivia
100%
Bolivia... or Equatorial Guinea?Bolivia
100%
Bolivia... or Haiti?Bolivia
100%
Bolivia... or Palau?Bolivia
100%
Bolivia... or Serbia?Bolivia
100%
Bolivia... or Tajikistan?Bolivia
100%
Bolivia... or Moldova?Bolivia
100%
Bahrain... or Bolivia?Bolivia
100%
Bosnia and Herzegovina... or Fiji?Bosnia and Herzegovina
100%
Antigua and Barbuda... or Botswana?Botswana
100%
Botswana... or Suriname?Botswana
100%
Botswana... or Ghana?Botswana
100%
Botswana... or Maldives?Botswana
100%
Botswana... or Saint Lucia?Botswana
100%
Brazil... or United Arab Emirates?Brazil
100%
Bahamas... or Brazil?Brazil
100%
Brazil... or Zambia?Brazil
100%
Brazil... or Senegal?Brazil
100%
Brazil... or Sierra Leone?Brazil
100%
Brazil... or Papua New Guinea?Brazil
100%
Andorra... or Brazil?Brazil
100%
Brazil... or Latvia?Brazil
100%
Brazil... or Hungary?Brazil
100%
Brazil... or Estonia?Brazil
100%
Brazil... or Chile?Brazil
100%
Benin... or Brazil?Brazil
100%
Brazil... or Thailand?Brazil
100%
Bulgaria... or Monaco?Bulgaria
100%
Armenia... or Bulgaria?Bulgaria
100%
Bulgaria... or Panama?Bulgaria
100%
Bulgaria... or Seychelles?Bulgaria
100%
Burkina Faso... or Nicaragua?Burkina Faso
100%
Burkina Faso... or United Arab Emirates?Burkina Faso
100%
Burundi... or Tonga?Burundi
100%
Cambodia... or San Marino?Cambodia
100%
Albania... or Cambodia?Cambodia
100%
Cambodia... or Kiribati?Cambodia
100%
Cambodia... or Vanuatu?Cambodia
100%
Cameroon... or United Arab Emirates?Cameroon
100%
Cameroon... or Rwanda?Cameroon
100%
Cameroon... or Nicaragua?Cameroon
100%
Cameroon... or Malawi?Cameroon
100%
Cameroon... or Ivory Coast?Cameroon
100%
Cameroon... or Sri Lanka?Cameroon
100%
Canada... or Namibia?Canada
100%
Canada... or Turkey?Canada
100%
Canada... or Somalia?Canada
100%
Canada... or Portugal?Canada
100%
Canada... or Liechtenstein?Canada
100%
Canada... or Finland?Canada
100%
Canada... or Croatia?Canada
100%
Canada... or Iraq?Canada
100%
Cape Verde... or Singapore?Cape Verde
100%
Central African Republic... or Panama?Central African Republic
100%
Central African Republic... or Yemen?Central African Republic
100%
Central African Republic... or Seychelles?Central African Republic
100%
Austria... or Central African Republic?Central African Republic
100%
Central African Republic... or Moldova?Central African Republic
100%
Central African Republic... or Kyrgyzstan?Central African Republic
100%
Central African Republic... or Haiti?Central African Republic
100%
Bulgaria... or Chad?Chad
100%
Chad... or El Salvador?Chad
100%
Cameroon... or Chad?Chad
100%
Chad... or Guyana?Chad
100%
Chad... or Kuwait?Chad
100%
Chad... or Taiwan?Chad
100%
Chile... or Kosovo?Chile
100%
Chile... or Mauritius?Chile
100%
Chile... or Oman?Chile
100%
Chile... or Vatican City?Chile
100%
Chile... or São Tomé and Príncipe?Chile
100%
Cape Verde... or China?China
100%
China... or Oman?China
100%
China... or Mauritius?China
100%
China... or Kosovo?China
100%
China... or Guinea-Bissau?China
100%
China... or Saudi Arabia?China
100%
Algeria... or China?China
100%
China... or São Tomé and Príncipe?China
100%
China... or Venezuela?China
100%
Colombia... or Haiti?Colombia
100%
Colombia... or Vietnam?Colombia
100%
Colombia... or Tajikistan?Colombia
100%
Colombia... or Moldova?Colombia
100%
Colombia... or Kyrgyzstan?Colombia
100%
Colombia... or Cuba?Colombia
100%
Colombia... or Equatorial Guinea?Colombia
100%
Colombia... or Serbia?Colombia
100%
Burundi... or Colombia?Colombia
100%
Colombia... or Palau?Colombia
100%
Costa Rica... or FS Micronesia?Costa Rica
100%
Costa Rica... or Trinidad and Tobago?Costa Rica
100%
Croatia... or Cyprus?Croatia
100%
Croatia... or Luxembourg?Croatia
100%
Croatia... or Tuvalu?Croatia
100%
Croatia... or Israel?Croatia
100%
Cuba... or Saint Lucia?Cuba
100%
Belize... or Cuba?Cuba
100%
Cuba... or Dominica?Cuba
100%
Bahrain... or Cuba?Cuba
100%
Cyprus... or Palau?Cyprus
100%
Antigua and Barbuda... or Czechia?Czechia
100%
Czechia... or Liechtenstein?Czechia
100%
Democratic Republic of the Congo... or Saint Vincent and the Grenadines?Democratic Republic of the Congo
100%
Bahamas... or Democratic Republic of the Congo?Democratic Republic of the Congo
100%
Democratic Republic of the Congo... or North Korea?Democratic Republic of the Congo
100%
Democratic Republic of the Congo... or Sweden?Democratic Republic of the Congo
100%
Democratic Republic of the Congo... or Dominican Republic?Democratic Republic of the Congo
100%
Democratic Republic of the Congo... or Grenada?Democratic Republic of the Congo
100%
Cameroon... or Democratic Republic of the Congo?Democratic Republic of the Congo
100%
Andorra... or Democratic Republic of the Congo?Democratic Republic of the Congo
100%
Democratic Republic of the Congo... or Malta?Democratic Republic of the Congo
100%
Benin... or Democratic Republic of the Congo?Democratic Republic of the Congo
100%
Democratic Republic of the Congo... or Uruguay?Democratic Republic of the Congo
100%
Denmark... or Lesotho?Denmark
100%
Djibouti... or Mauritius?Djibouti
100%
Djibouti... or Saint Lucia?Djibouti
100%
Dominican Republic... or Vanuatu?Dominican Republic
100%
Dominican Republic... or San Marino?Dominican Republic
100%
Dominican Republic... or Ecuador?Ecuador
100%
Ecuador... or Lesotho?Ecuador
100%
Ecuador... or Slovakia?Ecuador
100%
Ecuador... or Tonga?Ecuador
100%
Cambodia... or Ecuador?Ecuador
100%
Egypt... or Taiwan?Egypt
100%
Egypt... or Pakistan?Egypt
100%
Egypt... or El Salvador?Egypt
100%
Egypt... or Guyana?Egypt
100%
Egypt... or Nigeria?Egypt
100%
El Salvador... or Malta?El Salvador
100%
El Salvador... or Grenada?El Salvador
100%
El Salvador... or Saint Vincent and the Grenadines?El Salvador
100%
Eritrea... or Gambia?Eritrea
100%
Eritrea... or Netherlands?Eritrea
100%
Estonia... or Israel?Estonia
100%
Comoros... or Estonia?Estonia
100%
Estonia... or Luxembourg?Estonia
100%
Estonia... or Tuvalu?Estonia
100%
Cape Verde... or Eswatini?Eswatini
100%
Eswatini... or Tuvalu?Eswatini
100%
Ethiopia... or Italy?Ethiopia
100%
Burundi... or Ethiopia?Ethiopia
100%
Ethiopia... or Netherlands?Ethiopia
100%
Denmark... or Ethiopia?Ethiopia
100%
Ecuador... or Ethiopia?Ethiopia
100%
Ethiopia... or Gambia?Ethiopia
100%
Ethiopia... or Uganda?Ethiopia
100%
Fiji... or Malta?Fiji
100%
Finland... or Kuwait?Finland
100%
Czechia... or Finland?Finland
100%
Finland... or Senegal?Finland
100%
Finland... or Taiwan?Finland
100%
France... or Lesotho?France
100%
France... or Slovenia?France
100%
France... or Guatemala?France
100%
France... or Trinidad and Tobago?France
100%
France... or Philippines?France
100%
Belize... or France?France
100%
Bahrain... or France?France
100%
Croatia... or Gabon?Gabon
100%
Eswatini... or Gabon?Gabon
100%
Antigua and Barbuda... or Gambia?Gambia
100%
Bahamas... or Georgia?Georgia
100%
Brunei... or Georgia?Georgia
100%
Germany... or Saint Vincent and the Grenadines?Germany
100%
Germany... or North Korea?Germany
100%
Germany... or Malta?Germany
100%
Germany... or Grenada?Germany
100%
Ghana... or Slovenia?Ghana
100%
Ghana... or Liberia?Ghana
100%
Ghana... or Trinidad and Tobago?Ghana
100%
Greece... or Guatemala?Greece
100%
Greece... or Switzerland?Greece
100%
Greece... or Samoa?Greece
100%
Djibouti... or Greece?Greece
100%
Greece... or North Macedonia?Greece
100%
Cuba... or Greece?Greece
100%
Greece... or Marshall Islands?Greece
100%
Grenada... or Nauru?Grenada
100%
Guatemala... or Seychelles?Guatemala
100%
Guinea... or Malta?Guinea
100%
Guinea... or Saint Vincent and the Grenadines?Guinea
100%
Haiti... or Montenegro?Haiti
100%
Haiti... or Singapore?Haiti
100%
Cyprus... or Haiti?Haiti
100%
Honduras... or Monaco?Honduras
100%
Honduras... or Seychelles?Honduras
100%
Honduras... or Panama?Honduras
100%
Honduras... or Marshall Islands?Honduras
100%
Hungary... or Moldova?Hungary
100%
Hungary... or Serbia?Hungary
100%
Comoros... or Hungary?Hungary
100%
Iceland... or Moldova?Iceland
100%
Iceland... or Monaco?Iceland
100%
Cape Verde... or Iceland?Iceland
100%
Iceland... or Palau?Iceland
100%
Haiti... or Iceland?Iceland
100%
Iceland... or Serbia?Iceland
100%
India... or Panama?India
100%
India... or Seychelles?India
100%
Ecuador... or India?India
100%
India... or Laos?India
100%
India... or Yemen?India
100%
Burundi... or India?India
100%
Denmark... or India?India
100%
India... or Tanzania?India
100%
Indonesia... or Singapore?Indonesia
100%
Indonesia... or Montenegro?Indonesia
100%
Indonesia... or Paraguay?Indonesia
100%
Indonesia... or Togo?Indonesia
100%
Indonesia... or Zimbabwe?Indonesia
100%
Costa Rica... or Indonesia?Indonesia
100%
Dominica... or Indonesia?Indonesia
100%
Barbados... or Indonesia?Indonesia
100%
Belarus... or Indonesia?Indonesia
100%
Ghana... or Indonesia?Indonesia
100%
Guyana... or Iran?Iran
100%
Georgia... or Iran?Iran
100%
Belgium... or Iran?Iran
100%
Iran... or Solomon Islands?Iran
100%
Iran... or Tanzania?Iran
100%
Iran... or Poland?Iran
100%
Bosnia and Herzegovina... or Iran?Iran
100%
Iran... or Tunisia?Iran
100%
Iran... or Myanmar?Iran
100%
Iraq... or Uganda?Iraq
100%
Czechia... or Iraq?Iraq
100%
Iraq... or Netherlands?Iraq
100%
Belize... or Ireland?Ireland
100%
Ireland... or Malta?Ireland
100%
Ireland... or Saint Vincent and the Grenadines?Ireland
100%
Grenada... or Ireland?Ireland
100%
Bahrain... or Ireland?Ireland
100%
Israel... or Seychelles?Israel
100%
Eritrea... or Italy?Italy
100%
Guinea-Bissau... or Italy?Italy
100%
Italy... or Lithuania?Italy
100%
East Timor... or Italy?Italy
100%
Italy... or Nauru?Italy
100%
Bahamas... or Ivory Coast?Ivory Coast
100%
Gabon... or Ivory Coast?Ivory Coast
100%
Benin... or Ivory Coast?Ivory Coast
100%
Ivory Coast... or Switzerland?Ivory Coast
100%
Ivory Coast... or Samoa?Ivory Coast
100%
Ivory Coast... or Marshall Islands?Ivory Coast
100%
Andorra... or Ivory Coast?Ivory Coast
100%
Ivory Coast... or North Macedonia?Ivory Coast
100%
Jamaica... or Trinidad and Tobago?Jamaica
100%
FS Micronesia... or Jamaica?Jamaica
100%
Japan... or Saint Vincent and the Grenadines?Japan
100%
Japan... or North Korea?Japan
100%
Japan... or Uruguay?Japan
100%
Japan... or Malta?Japan
100%
Armenia... or Japan?Japan
100%
Jordan... or Solomon Islands?Jordan
100%
Djibouti... or Jordan?Jordan
100%
Democratic Republic of the Congo... or Kazakhstan?Kazakhstan
100%
Ireland... or Kazakhstan?Kazakhstan
100%
Kazakhstan... or Vatican City?Kazakhstan
100%
Kazakhstan... or São Tomé and Príncipe?Kazakhstan
100%
Guinea... or Kazakhstan?Kazakhstan
100%
Azerbaijan... or Kazakhstan?Kazakhstan
100%
El Salvador... or Kazakhstan?Kazakhstan
100%
Kazakhstan... or Saudi Arabia?Kazakhstan
100%
Kazakhstan... or Oman?Kazakhstan
100%
Kazakhstan... or Mauritius?Kazakhstan
100%
Fiji... or Kazakhstan?Kazakhstan
100%
Kazakhstan... or Kosovo?Kazakhstan
100%
Japan... or Kazakhstan?Kazakhstan
100%
Germany... or Kazakhstan?Kazakhstan
100%
Ivory Coast... or Kenya?Kenya
100%
Albania... or Kenya?Kenya
100%
Kenya... or Nicaragua?Kenya
100%
Kenya... or Rwanda?Kenya
100%
Kenya... or Sri Lanka?Kenya
100%
Kenya... or United Arab Emirates?Kenya
100%
Kosovo... or Seychelles?Kosovo
100%
Kuwait... or San Marino?Kuwait
100%
Cyprus... or Kyrgyzstan?Kyrgyzstan
100%
Kyrgyzstan... or Nepal?Kyrgyzstan
100%
Kyrgyzstan... or Saint Lucia?Kyrgyzstan
100%
Kyrgyzstan... or Suriname?Kyrgyzstan
100%
Austria... or Kyrgyzstan?Kyrgyzstan
100%
Laos... or Sri Lanka?Laos
100%
Laos... or United Arab Emirates?Laos
100%
Guatemala... or Laos?Laos
100%
Honduras... or Laos?Laos
100%
Laos... or Rwanda?Laos
100%
Israel... or Laos?Laos
100%
Comoros... or Latvia?Latvia
100%
Cape Verde... or Lebanon?Lebanon
100%
Dominica... or Liberia?Liberia
100%
Liberia... or Saint Lucia?Liberia
100%
Jamaica... or Liberia?Liberia
100%
Barbados... or Liberia?Liberia
100%
Libya... or San Marino?Libya
100%
Libya... or Syria?Libya
100%
Belgium... or Libya?Libya
100%
Bosnia and Herzegovina... or Libya?Libya
100%
Georgia... or Libya?Libya
100%
Bangladesh... or Libya?Libya
100%
Kiribati... or Libya?Libya
100%
Guyana... or Libya?Libya
100%
Lithuania... or Solomon Islands?Lithuania
100%
Bahrain... or Lithuania?Lithuania
100%
Belize... or Lithuania?Lithuania
100%
Madagascar... or Vietnam?Madagascar
100%
East Timor... or Madagascar?Madagascar
100%
Madagascar... or Tajikistan?Madagascar
100%
Madagascar... or Serbia?Madagascar
100%
Eritrea... or Madagascar?Madagascar
100%
Antigua and Barbuda... or Madagascar?Madagascar
100%
Madagascar... or Palau?Madagascar
100%
Brunei... or Malawi?Malawi
100%
Malawi... or Nauru?Malawi
100%
Andorra... or Malawi?Malawi
100%
Bahamas... or Malawi?Malawi
100%
Lebanon... or Malawi?Malawi
100%
Malawi... or Qatar?Malawi
100%
Benin... or Malawi?Malawi
100%
Malaysia... or South Korea?Malaysia
100%
Laos... or Malaysia?Malaysia
100%
Luxembourg... or Malaysia?Malaysia
100%
Malaysia... or Syria?Malaysia
100%
Malaysia... or San Marino?Malaysia
100%
Equatorial Guinea... or Malaysia?Malaysia
100%
Malaysia... or Solomon Islands?Malaysia
100%
FS Micronesia... or Malaysia?Malaysia
100%
Lesotho... or Malaysia?Malaysia
100%
Mali... or Mauritius?Mali
100%
Mali... or Oman?Mali
100%
Liberia... or Mali?Mali
100%
Mali... or São Tomé and Príncipe?Mali
100%
Mali... or Sweden?Mali
100%
Mali... or Vatican City?Mali
100%
Cuba... or Mali?Mali
100%
Djibouti... or Mali?Mali
100%
Mauritania... or Vanuatu?Mauritania
100%
Antigua and Barbuda... or Mauritania?Mauritania
100%
Mexico... or South Africa?Mexico
100%
Chad... or Mexico?Mexico
100%
Mexico... or Turkmenistan?Mexico
100%
Mexico... or Qatar?Mexico
100%
Madagascar... or Mexico?Mexico
100%
Egypt... or Mexico?Mexico
100%
Finland... or Mexico?Mexico
100%
Moldova... or Trinidad and Tobago?Moldova
100%
Cyprus... or Moldova?Moldova
100%
Eswatini... or Mongolia?Mongolia
100%
Mongolia... or Thailand?Mongolia
100%
Mongolia... or Zambia?Mongolia
100%
Mongolia... or Papua New Guinea?Mongolia
100%
Mongolia... or Saint Lucia?Mongolia
100%
Mongolia... or Sierra Leone?Mongolia
100%
Cape Verde... or Montenegro?Montenegro
100%
Monaco... or Montenegro?Montenegro
100%
Marshall Islands... or Montenegro?Montenegro
100%
Denmark... or Morocco?Morocco
100%
Morocco... or United Arab Emirates?Morocco
100%
Ecuador... or Morocco?Morocco
100%
Morocco... or Slovenia?Morocco
100%
Burundi... or Morocco?Morocco
100%
Mozambique... or Samoa?Mozambique
100%
Mozambique... or North Macedonia?Mozambique
100%
Barbados... or Mozambique?Mozambique
100%
Jamaica... or Mozambique?Mozambique
100%
Moldova... or Mozambique?Mozambique
100%
France... or Mozambique?Mozambique
100%
Mozambique... or Switzerland?Mozambique
100%
Costa Rica... or Mozambique?Mozambique
100%
Ghana... or Mozambique?Mozambique
100%
Mozambique... or Uzbekistan?Mozambique
100%
Lithuania... or Myanmar?Myanmar
100%
Myanmar... or Taiwan?Myanmar
100%
Bosnia and Herzegovina... or Myanmar?Myanmar
100%
Bangladesh... or Myanmar?Myanmar
100%
Guyana... or Myanmar?Myanmar
100%
Georgia... or Myanmar?Myanmar
100%
Czechia... or Namibia?Namibia
100%
Maldives... or Namibia?Namibia
100%
Namibia... or Paraguay?Namibia
100%
Namibia... or Togo?Namibia
100%
Estonia... or Nepal?Nepal
100%
Eswatini... or Nepal?Nepal
100%
Nepal... or Saint Lucia?Nepal
100%
Malta... or Netherlands?Netherlands
100%
Guinea-Bissau... or Netherlands?Netherlands
100%
East Timor... or Netherlands?Netherlands
100%
Antigua and Barbuda... or Netherlands?Netherlands
100%
New Zealand... or South Korea?New Zealand
100%
Lebanon... or New Zealand?New Zealand
100%
Bahamas... or New Zealand?New Zealand
100%
Brunei... or New Zealand?New Zealand
100%
Benin... or New Zealand?New Zealand
100%
Nicaragua... or São Tomé and Príncipe?Nicaragua
100%
Luxembourg... or Nicaragua?Nicaragua
100%
Mauritius... or Nicaragua?Nicaragua
100%
Nicaragua... or Vatican City?Nicaragua
100%
Lesotho... or Nicaragua?Nicaragua
100%
Niger... or Qatar?Niger
100%
Armenia... or Niger?Niger
100%
Liberia... or Nigeria?Nigeria
100%
Djibouti... or Nigeria?Nigeria
100%
Kyrgyzstan... or Nigeria?Nigeria
100%
Nigeria... or Taiwan?Nigeria
100%
Nigeria... or Pakistan?Nigeria
100%
Nepal... or Nigeria?Nigeria
100%
El Salvador... or North Korea?North Korea
100%
Bhutan... or North Korea?North Korea
100%
Fiji... or North Korea?North Korea
100%
North Macedonia... or Tonga?North Macedonia
100%
Kuwait... or Norway?Norway
100%
Norway... or Vatican City?Norway
100%
Norway... or São Tomé and Príncipe?Norway
100%
Dominican Republic... or Norway?Norway
100%
Norway... or Oman?Norway
100%
Nicaragua... or Oman?Oman
100%
Oman... or Saint Kitts and Nevis?Oman
100%
Pakistan... or Uganda?Pakistan
100%
Pakistan... or South Korea?Pakistan
100%
Pakistan... or Tuvalu?Pakistan
100%
Finland... or Pakistan?Pakistan
100%
Netherlands... or Panama?Panama
100%
Israel... or Panama?Panama
100%
Panama... or Tonga?Panama
100%
Liechtenstein... or Panama?Panama
100%
Comoros... or Papua New Guinea?Papua New Guinea
100%
Papua New Guinea... or Togo?Papua New Guinea
100%
Papua New Guinea... or Zimbabwe?Papua New Guinea
100%
Marshall Islands... or Paraguay?Paraguay
100%
Paraguay... or Togo?Paraguay
100%
Paraguay... or Singapore?Paraguay
100%
Monaco... or Paraguay?Paraguay
100%
Cape Verde... or Paraguay?Paraguay
100%
Haiti... or Paraguay?Paraguay
100%
Ecuador... or Peru?Peru
100%
Peru... or Tonga?Peru
100%
Panama... or Peru?Peru
100%
North Macedonia... or Peru?Peru
100%
Djibouti... or Peru?Peru
100%
Denmark... or Peru?Peru
100%
Burundi... or Peru?Peru
100%
Dominica... or Philippines?Philippines
100%
Philippines... or Solomon Islands?Philippines
100%
Philippines... or Tunisia?Philippines
100%
Belarus... or Philippines?Philippines
100%
Jamaica... or Philippines?Philippines
100%
Costa Rica... or Philippines?Philippines
100%
Moldova... or Philippines?Philippines
100%
Denmark... or Philippines?Philippines
100%
Barbados... or Philippines?Philippines
100%
Belgium... or Poland?Poland
100%
Lithuania... or Poland?Poland
100%
Bosnia and Herzegovina... or Poland?Poland
100%
Palau... or Poland?Poland
100%
Kiribati... or Poland?Poland
100%
Guyana... or Poland?Poland
100%
Poland... or Tuvalu?Poland
100%
Georgia... or Poland?Poland
100%
Maldives... or Portugal?Portugal
100%
Portugal... or Saint Kitts and Nevis?Portugal
100%
Grenada... or Qatar?Qatar
100%
Bahrain... or Qatar?Qatar
100%
Qatar... or Vatican City?Qatar
100%
Qatar... or São Tomé and Príncipe?Qatar
100%
Republic of the Congo... or Tonga?Republic of the Congo
100%
Estonia... or Republic of the Congo?Republic of the Congo
100%
New Zealand... or Republic of the Congo?Republic of the Congo
100%
Republic of the Congo... or Slovakia?Republic of the Congo
100%
Croatia... or Republic of the Congo?Republic of the Congo
100%
Poland... or Republic of the Congo?Republic of the Congo
100%
Antigua and Barbuda... or Romania?Romania
100%
Malta... or Romania?Romania
100%
Guinea-Bissau... or Romania?Romania
100%
East Timor... or Romania?Romania
100%
Eritrea... or Romania?Romania
100%
Andorra... or Russia?Russia
100%
Lebanon... or Russia?Russia
100%
Romania... or Russia?Russia
100%
Brunei... or Russia?Russia
100%
Gabon... or Russia?Russia
100%
Russia... or Venezuela?Russia
100%
Benin... or Russia?Russia
100%
Latvia... or Russia?Russia
100%
Russia... or Taiwan?Russia
100%
North Korea... or Russia?Russia
100%
Luxembourg... or Rwanda?Rwanda
100%
Mauritius... or Rwanda?Rwanda
100%
FS Micronesia... or Rwanda?Rwanda
100%
Saint Kitts and Nevis... or Vatican City?Saint Kitts and Nevis
100%
Saint Kitts and Nevis... or Saudi Arabia?Saudi Arabia
100%
Gambia... or Saudi Arabia?Saudi Arabia
100%
Nicaragua... or Saudi Arabia?Saudi Arabia
100%
Saudi Arabia... or Togo?Saudi Arabia
100%
Saudi Arabia... or Singapore?Saudi Arabia
100%
Norway... or Saudi Arabia?Saudi Arabia
100%
Ireland... or Senegal?Senegal
100%
Austria... or Serbia?Serbia
100%
Cyprus... or Serbia?Serbia
100%
Liechtenstein... or Seychelles?Seychelles
100%
Montenegro... or Sierra Leone?Sierra Leone
100%
Comoros... or Sierra Leone?Sierra Leone
100%
Monaco... or Singapore?Singapore
100%
Burundi... or Slovakia?Slovakia
100%
Denmark... or Slovakia?Slovakia
100%
Barbados... or Slovenia?Slovenia
100%
Dominica... or Slovenia?Slovenia
100%
Jamaica... or Slovenia?Slovenia
100%
Somalia... or Togo?Somalia
100%
Maldives... or Somalia?Somalia
100%
Czechia... or Somalia?Somalia
100%
Dominican Republic... or South Africa?South Africa
100%
Rwanda... or South Africa?South Africa
100%
Nauru... or South Africa?South Africa
100%
Malawi... or South Africa?South Africa
100%
San Marino... or South Africa?South Africa
100%
Grenada... or South Africa?South Africa
100%
Bahrain... or South Africa?South Africa
100%
Belize... or South Africa?South Africa
100%
Italy... or South Africa?South Africa
100%
Eswatini... or South Korea?South Korea
100%
Croatia... or South Korea?South Korea
100%
Saint Lucia... or South Korea?South Korea
100%
East Timor... or South Sudan?South Sudan
100%
Eritrea... or South Sudan?South Sudan
100%
Antigua and Barbuda... or South Sudan?South Sudan
100%
Malta... or South Sudan?South Sudan
100%
Benin... or Spain?Spain
100%
Lebanon... or Spain?Spain
100%
Andorra... or Spain?Spain
100%
North Korea... or Spain?Spain
100%
Brunei... or Spain?Spain
100%
Spain... or Tuvalu?Spain
100%
Luxembourg... or Sri Lanka?Sri Lanka
100%
Mauritius... or Sri Lanka?Sri Lanka
100%
Qatar... or Sri Lanka?Sri Lanka
100%
Sri Lanka... or Vatican City?Sri Lanka
100%
Sri Lanka... or São Tomé and Príncipe?Sri Lanka
100%
Equatorial Guinea... or Sri Lanka?Sri Lanka
100%
Armenia... or Sudan?Sudan
100%
Portugal... or Sudan?Sudan
100%
Sierra Leone... or Sudan?Sudan
100%
Singapore... or Sudan?Sudan
100%
Samoa... or Suriname?Suriname
100%
Djibouti... or Suriname?Suriname
100%
Slovakia... or Suriname?Suriname
100%
Suriname... or Taiwan?Suriname
100%
Cuba... or Suriname?Suriname
100%
Guinea... or Sweden?Sweden
100%
Ireland... or Sweden?Sweden
100%
Azerbaijan... or Sweden?Sweden
100%
Fiji... or Sweden?Sweden
100%
Bhutan... or Sweden?Sweden
100%
Brunei... or Sweden?Sweden
100%
Germany... or Sweden?Sweden
100%
Slovenia... or Switzerland?Switzerland
100%
Switzerland... or Tonga?Switzerland
100%
Albania... or Switzerland?Switzerland
100%
Antigua and Barbuda... or Syria?Syria
100%
Dominican Republic... or Syria?Syria
100%
Syria... or Vatican City?Syria
100%
Kuwait... or Syria?Syria
100%
Syria... or São Tomé and Príncipe?Syria
100%
Taiwan... or Tuvalu?Taiwan
100%
Gambia... or Taiwan?Taiwan
100%
Cyprus... or Tajikistan?Tajikistan
100%
Austria... or Tajikistan?Tajikistan
100%
Hungary... or Tajikistan?Tajikistan
100%
Israel... or Tanzania?Tanzania
100%
Saint Vincent and the Grenadines... or Tanzania?Tanzania
100%
Tanzania... or Tonga?Tanzania
100%
Guatemala... or Tanzania?Tanzania
100%
Kosovo... or Tanzania?Tanzania
100%
Netherlands... or Tanzania?Tanzania
100%
Honduras... or Tanzania?Tanzania
100%
Liechtenstein... or Tanzania?Tanzania
100%
Montenegro... or Thailand?Thailand
100%
Thailand... or Togo?Thailand
100%
Thailand... or Zimbabwe?Thailand
100%
Comoros... or Thailand?Thailand
100%
Marshall Islands... or Togo?Togo
100%
Cape Verde... or Togo?Togo
100%
Samoa... or Togo?Togo
100%
Trinidad and Tobago... or Tunisia?Tunisia
100%
Belgium... or Tunisia?Tunisia
100%
Kiribati... or Tunisia?Tunisia
100%
Georgia... or Tunisia?Tunisia
100%
Palau... or Tunisia?Tunisia
100%
Tunisia... or Tuvalu?Tunisia
100%
Cape Verde... or Tunisia?Tunisia
100%
Lithuania... or Tunisia?Tunisia
100%
Turkey... or United Kingdom?Turkey
100%
Switzerland... or Turkey?Turkey
100%
Maldives... or Turkey?Turkey
100%
Czechia... or Turkey?Turkey
100%
Bahrain... or Turkmenistan?Turkmenistan
100%
San Marino... or Turkmenistan?Turkmenistan
100%
Turkmenistan... or Vatican City?Turkmenistan
100%
Italy... or Turkmenistan?Turkmenistan
100%
Nauru... or Turkmenistan?Turkmenistan
100%
Rwanda... or Turkmenistan?Turkmenistan
100%
Belize... or Turkmenistan?Turkmenistan
100%
Grenada... or Turkmenistan?Turkmenistan
100%
Malawi... or Turkmenistan?Turkmenistan
100%
East Timor... or Uganda?Uganda
100%
Antigua and Barbuda... or Uganda?Uganda
100%
Guinea-Bissau... or Uganda?Uganda
100%
Eritrea... or Uganda?Uganda
100%
Malta... or Uganda?Uganda
100%
Uganda... or Ukraine?Ukraine
100%
Lebanon... or Ukraine?Ukraine
100%
Tunisia... or Ukraine?Ukraine
100%
North Korea... or Ukraine?Ukraine
100%
Latvia... or Ukraine?Ukraine
100%
Brunei... or Ukraine?Ukraine
100%
Benin... or Ukraine?Ukraine
100%
Andorra... or Ukraine?Ukraine
100%
Bahamas... or Ukraine?Ukraine
100%
Gabon... or Ukraine?Ukraine
100%
Lesotho... or United Arab Emirates?United Arab Emirates
100%
Mauritius... or United Arab Emirates?United Arab Emirates
100%
FS Micronesia... or United Arab Emirates?United Arab Emirates
100%
Equatorial Guinea... or United Arab Emirates?United Arab Emirates
100%
Luxembourg... or United Arab Emirates?United Arab Emirates
100%
Armenia... or United Kingdom?United Kingdom
100%
Singapore... or United Kingdom?United Kingdom
100%
Sierra Leone... or United Kingdom?United Kingdom
100%
Portugal... or United Kingdom?United Kingdom
100%
United Kingdom... or Vatican City?United Kingdom
100%
South Korea... or United States?United States
100%
Liberia... or United States?United States
100%
Slovakia... or United States?United States
100%
Nepal... or United States?United States
100%
Djibouti... or United States?United States
100%
Seychelles... or United States?United States
100%
Hungary... or United States?United States
100%
Botswana... or United States?United States
100%
Samoa... or United States?United States
100%
Kyrgyzstan... or United States?United States
100%
Cuba... or United States?United States
100%
El Salvador... or Uruguay?Uruguay
100%
Bhutan... or Uruguay?Uruguay
100%
Fiji... or Uruguay?Uruguay
100%
Azerbaijan... or Uruguay?Uruguay
100%
Ivory Coast... or Uzbekistan?Uzbekistan
100%
Slovenia... or Uzbekistan?Uzbekistan
100%
Greece... or Uzbekistan?Uzbekistan
100%
Suriname... or Venezuela?Venezuela
100%
Solomon Islands... or Venezuela?Venezuela
100%
Cyprus... or Vietnam?Vietnam
100%
Guatemala... or Yemen?Yemen
100%
Saint Vincent and the Grenadines... or Yemen?Yemen
100%
Liechtenstein... or Yemen?Yemen
100%
Israel... or Yemen?Yemen
100%
Kosovo... or Yemen?Yemen
100%
Netherlands... or Yemen?Yemen
100%
Comoros... or Zambia?Zambia
100%
Montenegro... or Zambia?Zambia
100%
Monaco... or Zimbabwe?Zimbabwe
100%
Haiti... or Zimbabwe?Zimbabwe
100%
Vatican City... or Zimbabwe?Zimbabwe
100%
Eritrea... or Zimbabwe?Zimbabwe
100%
Cape Verde... or Zimbabwe?Zimbabwe
100%
Togo... or Zimbabwe?Zimbabwe
100%
Marshall Islands... or Zimbabwe?Zimbabwe
100%
Antigua and Barbuda... or Italy?Italy
88%
Ethiopia... or Madagascar?Ethiopia
86%
France... or India?India
86%
Mauritania... or Syria?Mauritania
86%
Poland... or South Korea?Poland
86%
Senegal... or Venezuela?Venezuela
86%
Uruguay... or Yemen?Yemen
86%
Cambodia... or Cameroon?Cameroon
83%
Chile... or Guinea-Bissau?Chile
83%
Dominican Republic... or Guinea?Guinea
83%
Liechtenstein... or Monaco?Liechtenstein
83%
Cambodia... or Mauritania?Mauritania
83%
Belarus... or Mozambique?Mozambique
83%
Belgium... or Myanmar?Myanmar
83%
Namibia... or Singapore?Namibia
83%
Croatia... or Nepal?Nepal
83%
Kosovo... or Panama?Panama
83%
El Salvador... or Sweden?Sweden
83%
Azerbaijan... or Malta?Azerbaijan
80%
Costa Rica... or Slovenia?Costa Rica
80%
Gambia... or Guinea-Bissau?Guinea-Bissau
80%
Guyana... or Solomon Islands?Guyana
80%
Costa Rica... or Liberia?Liberia
80%
Netherlands... or Seychelles?Netherlands
80%
Palau... or Solomon Islands?Solomon Islands
80%
Cambodia... or Syria?Syria
80%
Ireland... or Uruguay?Uruguay
80%
Albania... or Uzbekistan?Uzbekistan
80%
Bolivia... or Kyrgyzstan?Bolivia
78%
Afghanistan... or Israel?Afghanistan
75%
Angola... or Central African Republic?Angola
75%
Austria... or Equatorial Guinea?Austria
75%
Azerbaijan... or Dominican Republic?Azerbaijan
75%
Bolivia... or Vietnam?Bolivia
75%
Botswana... or Djibouti?Botswana
75%
Cameroon... or Georgia?Cameroon
75%
Gabon... or Georgia?Gabon
75%
Gambia... or Mauritius?Gambia
75%
Andorra... or Georgia?Georgia
75%
Cambodia... or Guinea?Guinea
75%
Indonesia... or Lebanon?Indonesia
75%
Iraq... or Italy?Iraq
75%
Italy... or Qatar?Italy
75%
Bhutan... or Kazakhstan?Kazakhstan
75%
Kosovo... or Monaco?Kosovo
75%
Libya... or Norway?Libya
75%
Mauritania... or San Marino?Mauritania
75%
Dominica... or Mozambique?Mozambique
75%
FS Micronesia... or Nicaragua?Nicaragua
75%
Niger... or South Africa?Niger
75%
Azerbaijan... or North Korea?North Korea
75%
Oman... or United Kingdom?Oman
75%
South Sudan... or Yemen?South Sudan
75%
Romania... or Spain?Spain
75%
Bahamas... or Spain?Spain
75%
South Sudan... or Tanzania?Tanzania
75%
Dominica... or Trinidad and Tobago?Trinidad and Tobago
75%
Romania... or Ukraine?Ukraine
75%
São Tomé and Príncipe... or United Kingdom?United Kingdom
75%
Lesotho... or Sri Lanka?Sri Lanka
71%
Angola... or Kyrgyzstan?Angola
67%
Burkina Faso... or Denmark?Burkina Faso
67%
Burkina Faso... or Rwanda?Burkina Faso
67%
Chad... or Senegal?Chad
67%
Chad... or Pakistan?Chad
67%
China... or Egypt?China
67%
Dominica... or FS Micronesia?Dominica
67%
Chile... or Egypt?Egypt
67%
Egypt... or Venezuela?Egypt
67%
Equatorial Guinea... or Rwanda?Equatorial Guinea
67%
Ethiopia... or Romania?Ethiopia
67%
Ethiopia... or South Sudan?Ethiopia
67%
Gambia... or Vatican City?Gambia
67%
Haiti... or Lebanon?Haiti
67%
Iceland... or Kyrgyzstan?Kyrgyzstan
67%
Madagascar... or Poland?Madagascar
67%
Guinea-Bissau... or Madagascar?Madagascar
67%
Burkina Faso... or Malaysia?Malaysia
67%
Mauritania... or Norway?Mauritania
67%
Malaysia... or Mauritania?Mauritania
67%
Comoros... or Mongolia?Mongolia
67%
New Zealand... or Tuvalu?New Zealand
67%
Niger... or Turkmenistan?Niger
67%
Ireland... or North Korea?North Korea
67%
Panama... or Slovakia?Panama
67%
Montenegro... or Papua New Guinea?Papua New Guinea
67%
Bangladesh... or Poland?Poland
67%
Saint Kitts and Nevis... or São Tomé and Príncipe?São Tomé and Príncipe
67%
Senegal... or Taiwan?Senegal
67%
North Macedonia... or Slovakia?Slovakia
67%
Estonia... or South Korea?South Korea
67%
Guinea-Bissau... or South Sudan?South Sudan
67%
Sudan... or Turkmenistan?Sudan
67%
South Korea... or Suriname?Suriname
67%
Seychelles... or Suriname?Suriname
67%
Bulgaria... or Tanzania?Tanzania
67%
Barbados... or Trinidad and Tobago?Trinidad and Tobago
67%
Serbia... or Uzbekistan?Uzbekistan
67%
Myanmar... or Venezuela?Venezuela
67%
Ukraine... or Venezuela?Venezuela
67%
Hungary... or Vietnam?Vietnam
67%
Honduras... or Yemen?Yemen
67%
Finland... or Zimbabwe?Zimbabwe
67%
Belgium... or Benin?Benin
63%
Afghanistan... or South Sudan?Afghanistan
60%
Burkina Faso... or Sri Lanka?Burkina Faso
60%
Cuba... or Jordan?Cuba
60%
Kyrgyzstan... or Mali?Mali
60%
Morocco... or Philippines?Morocco
60%
Nigeria... or Venezuela?Nigeria
60%
Philippines... or Poland?Philippines
60%
Somalia... or Zimbabwe?Somalia
60%
Eswatini... or Israel?Israel
57%
Albania... or East Timor?Albania
50%
Armenia... or Djibouti?Armenia
50%
Austria... or Haiti?Austria
50%
Bosnia and Herzegovina... or Solomon Islands?Bosnia and Herzegovina
50%
Burkina Faso... or Jamaica?Burkina Faso
50%
Barbados... or Comoros?Comoros
50%
Cyprus... or Equatorial Guinea?Equatorial Guinea
50%
Fiji... or Grenada?Fiji
50%
Fiji... or Saint Vincent and the Grenadines?Fiji
50%
Equatorial Guinea... or Germany?Germany
50%
Armenia... or Ghana?Ghana
50%
Albania... or Guatemala?Guatemala
50%
Guinea... or Uruguay?Guinea
50%
India... or Mauritius?India
50%
Greece... or Kenya?Kenya
50%
Gambia... or Kosovo?Kosovo
50%
Kuwait... or Vanuatu?Kuwait
50%
Hungary... or Kyrgyzstan?Kyrgyzstan
50%
Libya... or Mauritania?Libya
50%
Kuwait... or Mauritania?Mauritania
50%
Moldova... or Slovenia?Moldova
50%
Myanmar... or Senegal?Myanmar
50%
Gabon... or New Zealand?New Zealand
50%
Equatorial Guinea... or Nicaragua?Nicaragua
50%
Cuba... or Nigeria?Nigeria
50%
Nigeria... or Senegal?Nigeria
50%
Cambodia... or Norway?Norway
50%
Gambia... or Oman?Oman
50%
Paraguay... or Zimbabwe?Paraguay
50%
Czechia... or Portugal?Portugal
50%
Russia... or Senegal?Russia
50%
Saint Lucia... or Tuvalu?Saint Lucia
50%
Chile... or Saudi Arabia?Saudi Arabia
50%
Saudi Arabia... or Zimbabwe?Saudi Arabia
50%
Mali... or Saudi Arabia?Saudi Arabia
50%
Saint Vincent and the Grenadines... or Seychelles?Seychelles
50%
Kiribati... or Solomon Islands?Solomon Islands
50%
FS Micronesia... or Sri Lanka?Sri Lanka
50%
Oman... or Sudan?Sudan
50%
Solomon Islands... or Taiwan?Taiwan
50%
Iceland... or Tajikistan?Tajikistan
50%
Central African Republic... or Tanzania?Tanzania
50%
Haiti... or Togo?Togo
50%
Monaco... or Togo?Togo
50%
Bosnia and Herzegovina... or Tunisia?Tunisia
50%
Jordan... or Tunisia?Tunisia
50%
Austria... or Vietnam?Vietnam
50%
Iceland... or Vietnam?Vietnam
50%
Belgium... or Costa Rica?Costa Rica
40%
Equatorial Guinea... or Jamaica?Equatorial Guinea
40%
Bulgaria... or Laos?Laos
40%
East Timor... or Gambia?East Timor
33%
Estonia... or Gabon?Gabon
33%
Guyana... or Tunisia?Guyana
33%
Lebanon... or Lesotho?Lesotho
33%
Latvia... or Malawi?Malawi
33%
Japan... or Sweden?Sweden
33%
Finland... or Venezuela?Venezuela
33%
Iraq... or Romania?Iraq
25%
Laos... or Nicaragua?Laos
25%
Pakistan... or Republic of the Congo?Pakistan
25%
Tajikistan... or Tunisia?Tunisia
25%
Algeria... or Belarus?Algeria
0%
Angola... or Vietnam?Angola
0%
Angola... or Palau?Angola
0%
Argentina... or Yemen?Argentina
0%
Argentina... or Monaco?Argentina
0%
Argentina... or Seychelles?Argentina
0%
Armenia... or Montenegro?Armenia
0%
Barbados... or Belize?Belize
0%
Benin... or Georgia?Benin
0%
Bolivia... or Central African Republic?Bolivia
0%
Bosnia and Herzegovina... or Costa Rica?Bosnia and Herzegovina
0%
Botswana... or Japan?Botswana
0%
Botswana... or Bulgaria?Botswana
0%
Brazil... or Mongolia?Brazil
0%
Central African Republic... or Equatorial Guinea?Central African Republic
0%
Chad... or Venezuela?Chad
0%
Costa Rica... or Kosovo?Costa Rica
0%
Brunei... or Democratic Republic of the Congo?Democratic Republic of the Congo
0%
Denmark... or Tonga?Denmark
0%
Djibouti... or Dominica?Djibouti
0%
Bhutan... or Dominican Republic?Dominican Republic
0%
Dominican Republic... or Kiribati?Dominican Republic
0%
Egypt... or Senegal?Egypt
0%
Egypt... or Kuwait?Egypt
0%
Bulgaria... or Eritrea?Eritrea
0%
Eswatini... or Luxembourg?Eswatini
0%
Finland... or Guyana?Finland
0%
Barbados... or FS Micronesia?FS Micronesia
0%
Gabon... or Malawi?Gabon
0%
Gambia... or São Tomé and Príncipe?Gambia
0%
Georgia... or Solomon Islands?Georgia
0%
FS Micronesia... or Germany?Germany
0%
Germany... or Uruguay?Germany
0%
Burkina Faso... or Germany?Germany
0%
Guatemala... or Monaco?Guatemala
0%
Guatemala... or Panama?Guatemala
0%
Guinea... or North Korea?Guinea
0%
Guatemala... or Honduras?Honduras
0%
Bulgaria... or Honduras?Honduras
0%
Hungary... or Palau?Hungary
0%
India... or Monaco?India
0%
Bangladesh... or Iran?Iran
0%
Israel... or Monaco?Israel
0%
Brunei... or Ivory Coast?Ivory Coast
0%
Kenya... or Malawi?Kenya
0%
Kyrgyzstan... or San Marino?Kyrgyzstan
0%
Kosovo... or Laos?Laos
0%
Burundi... or Lesotho?Lesotho
0%
Lesotho... or Rwanda?Lesotho
0%
Jordan... or Libya?Libya
0%
Libya... or Vanuatu?Libya
0%
Libya... or Singapore?Libya
0%
Iran... or Libya?Libya
0%
Grenada... or Lithuania?Lithuania
0%
Iraq... or Madagascar?Madagascar
0%
Malaysia... or Vanuatu?Malaysia
0%
Malaysia... or Norway?Malaysia
0%
Dominican Republic... or Mauritania?Mauritania
0%
Mexico... or Nauru?Mexico
0%
Mozambique... or Sweden?Mozambique
0%
Kiribati... or Myanmar?Myanmar
0%
Jordan... or Myanmar?Myanmar
0%
Myanmar... or Norway?Myanmar
0%
Namibia... or Zimbabwe?Namibia
0%
Latvia... or New Zealand?New Zealand
0%
Andorra... or New Zealand?New Zealand
0%
Botswana... or Nigeria?Nigeria
0%
Myanmar... or Pakistan?Pakistan
0%
Papua New Guinea... or Paraguay?Papua New Guinea
0%
Papua New Guinea... or Singapore?Papua New Guinea
0%
Peru... or Slovakia?Peru
0%
Ghana... or Philippines?Philippines
0%
Jordan... or Poland?Poland
0%
Nauru... or Qatar?Qatar
0%
Eswatini... or Republic of the Congo?Republic of the Congo
0%
Bahamas... or Russia?Russia
0%
Qatar... or Saudi Arabia?Saudi Arabia
0%
Serbia... or Switzerland?Serbia
0%
Marshall Islands... or Singapore?Singapore
0%
South Africa... or Turkmenistan?South Africa
0%
Iraq... or South Sudan?South Sudan
0%
Gabon... or Spain?Spain
0%
Latvia... or Spain?Spain
0%
Nepal... or Suriname?Suriname
0%
Liberia... or Suriname?Suriname
0%
Bangladesh... or Tunisia?Tunisia
0%
Sweden... or Ukraine?Ukraine
0%
Bulgaria... or Yemen?Yemen
0%

Score Distribution

Percentile by Number Answered

Percent of People with Each Score

Your Score History

You have not taken this quiz